NBA team quizzes Dallas Mavericks - Statistics

General Stats
  • This quiz has been taken 73 times
  • The average score is 9 of 12
Answer Stats
Hint Answer % Correct
scoring leader Dirk Nowitzki
100%
rebounds leader Dirk Nowitzki
98%
how many rings do they have 1
95%
when was their ring 2011
95%
what Player was infamously traded for Anthony Davis Luka Doncic
95%
how many jerseys have they retired 4
89%
which was the most recent jersey retirement Dirk Nowitzki
85%
blocks leader Dirk Nowitzki
81%
what jersey did Dirk wear 41
79%
what GM did this Nico Harrison
74%
assists leader Derek Harper
27%
steals leader Derek Harper
27%
No matching quizzes found
Score Distribution
Percent of People with Each Score
Percentile by Number Answered
Your Score History
You have not taken this quiz